| 000 | nam a22 7a 4500 | ||
|---|---|---|---|
| 999 |
_c129443 _d129443 |
||
| 008 | 190424b xxu||||| |||| 00| 0 eng d | ||
| 020 | _a0 19 570168 2 | ||
| 050 | _aPE1072.B72 | ||
| 100 |
_aBranford,William _945942 |
||
| 245 |
_aStructure,style and communication _ban english language _c/ by William Branford, et al... |
||
| 260 |
_aCapetown: _bOxford University Press, _c1980. |
||
| 300 |
_axxiii, 463p. ; _c22cm. |
||
| 650 |
_aEnglish language _921207 |
||
| 700 |
_aAldridge, Maurice V. _eDace, Roy _eKeating, Paul _ePinchuck, Isadore _945943 |
||
| 942 |
_2lcc _cMONOGRAPH |
||